<?xml version="1.0" encoding="UTF-8"?>
<collection xmlns="http://www.loc.gov/MARC21/slim">
 <record>
  <leader>00908nam a2200169 a 4500</leader>
  <controlfield tag="008">090519s1981    ii a     b    001 0 eng d</controlfield>
  <datafield tag="082" ind1="0" ind2="0">
   <subfield code="a">649.1</subfield>
   <subfield code="2">19</subfield>
  </datafield>
  <datafield tag="100" ind1="1" ind2=" ">
   <subfield code="a">Comstock, Belle Jessie (Wood) 1880-,</subfield>
   <subfield code="c">Mrs. [from old catalog]</subfield>
  </datafield>
  <datafield tag="245" ind1="1" ind2="0">
   <subfield code="a">All about the baby : </subfield>
   <subfield code="b"> the beginnings of human life with early needs </subfield>
   <subfield code="c"> Belle Wood-Comstock.</subfield>
  </datafield>
  <datafield tag="260" ind1=" " ind2=" ">
   <subfield code="a">Mountain View, Calif.,</subfield>
   <subfield code="a">Portland, Or. [etc.]</subfield>
   <subfield code="b">Pacific press publishing association ;</subfield>
   <subfield code="a">India</subfield>
   <subfield code="b">Orient Watchman Publishing House</subfield>
   <subfield code="c">1981</subfield>
  </datafield>
  <datafield tag="300" ind1=" " ind2=" ">
   <subfield code="a">394p. : </subfield>
   <subfield code="b">ill. ;</subfield>
   <subfield code="c">21 cm.</subfield>
  </datafield>
  <datafield tag="504" ind1=" " ind2=" ">
   <subfield code="a"> Includes bibliographical references (p.393-394) and index.</subfield>
  </datafield>
  <datafield tag="541" ind1="1" ind2=" ">
   <subfield code="e">00002777</subfield>
  </datafield>
  <datafield tag="650" ind1=" " ind2="0">
   <subfield code="a">Infants</subfield>
   <subfield code="x">Care and hygiene.</subfield>
  </datafield>
  <datafield tag="852" ind1="4" ind2=" ">
   <subfield code="a">Ayesha Abed Library</subfield>
   <subfield code="j">Generalshelf </subfield>
  </datafield>
  <datafield tag="999" ind1=" " ind2=" ">
   <subfield code="c">869</subfield>
   <subfield code="d">869</subfield>
  </datafield>
  <datafield tag="952" ind1=" " ind2=" ">
   <subfield code="0">0</subfield>
   <subfield code="1">0</subfield>
   <subfield code="2">ddc</subfield>
   <subfield code="4">0</subfield>
   <subfield code="6">649_100000000000000_COM_1981</subfield>
   <subfield code="7">0</subfield>
   <subfield code="9">808</subfield>
   <subfield code="a">BRACUL</subfield>
   <subfield code="b">BRACUL</subfield>
   <subfield code="c">GEN</subfield>
   <subfield code="d">2009-05-19</subfield>
   <subfield code="g">0.00</subfield>
   <subfield code="l">0</subfield>
   <subfield code="o">649.1 COM</subfield>
   <subfield code="p">3010002777</subfield>
   <subfield code="r">2009-05-19</subfield>
   <subfield code="t">1</subfield>
   <subfield code="w">2009-05-19</subfield>
   <subfield code="y">BK</subfield>
   <subfield code="x">No price found in the accession register.</subfield>
  </datafield>
 </record>
</collection>
